Statistics for FIFA Goal Of The Century

Click here to take the quiz!

General Stats

  • This quiz has been taken 17 times
  • The average score is 5 of 9

Answer Stats

Answer% Correct
Diego Maradona
100%
Pelé
100%
Roberto Baggio
63%
Michael Owen
56%
Gheorghe Hagi
44%
Lothar Matthaüs
38%
Carlos Alberto
31%
Vincenzo Scifo
19%
Saeed Al-Owairan
0%

Score Distribution

Percentile by Number Answered

Percent of People with Each Score

Your Score History

You have not taken this quiz